000 00419nam a2200181Ia 4500
005 20240823005149.0
008 240823s9999||||xx |||||||||||||| ||und||
082 _A530.13 N1
100 _aAgarwal B K
245 0 _aStatistical Mechanics
250 _a1st
260 _c1991
_b"Wiley,New Delhi"
500 _aYES
650 _aMATHS
_bMathematics
700 _a" Eisner,Melvin"
942 _cBK
999 _c154934
_d154934